Every Character In Percy Jackson And The Olympians By Letter-M - Statistics

General Stats
  • This quiz has been taken 10 times
  • The average score is 4 of 19
Answer Stats
Times Mentioned Answer % Correct
72 Medusa
56%
35 Michael Yew
56%
49 Minotaur
56%
65 King Minos
33%
16 Maria Di Angelo
33%
30 Martha
33%
56 May Castellan
33%
1 Medea
33%
12 Morpheus
33%
6 Malcolm
11%
3 Maron
11%
2 Matthew Chase
11%
37 Matt Sloan
11%
1 Marrow Sucker
0%
5 Maurice
0%
1 Morrain
0%
7 Mr. Dare
0%
1 Mrs. Dare
0%
130 Mrs. O'Leary
0%
No matching quizzes found
Score Distribution
Percent of People with Each Score
Percentile by Number Answered
Your Score History
You have not taken this quiz